| 000 | 01041cam a22003017a 4500 | ||
|---|---|---|---|
| 001 | 15474752 | ||
| 005 | 20171215034231.0 | ||
| 008 | 081003s2010 caua b 001 0 eng | ||
| 010 | _a 2008938809 | ||
| 020 | _a9780495601715 (student ed.) | ||
| 020 | _a0495601713 (student ed.) | ||
| 020 | _a0495596884 (looseleaf ed.) | ||
| 020 | _a9780495596882 (looseleaf ed.) | ||
| 035 | _a(OCoLC)ocn318784638 | ||
| 040 |
_aSINIE _cSINIE _dIXA _dDLC |
||
| 041 | _aeng | ||
| 042 | _alccopycat | ||
| 080 |
_28 ED _a159.9 SHA |
||
| 082 | _a159.9 SHA | ||
| 100 | 1 | _a48 | |
| 101 | _aPSI | ||
| 245 | 1 | 0 |
_aDevelopmental psychology : _cDavid Shaffer, Katherine Kipp. |
| 504 | _aIncludes bibliographical references and index. | ||
| 906 |
_a7 _bcbc _ccopycat _d3 _encip _f20 _gy-gencatlg |
||
| 942 |
_2ddc _cBK |
||
| 999 |
_c38955 _d38955 |
||